[Event "23. Open Cappelle la Grande 2007"]
[Site "Cappelle la Grande FRA"]
[Date "2007.03.06"]
[Round "5.15"]
[White "Burmakin, Vladimir"]
[Black "Lerch, Patrice"]
[Result "1/2-1/2"]
[WhiteElo "2568"]
[BlackElo "2290"]
[PlyCount "120"]
[EventDate "2007.03.03"]
[EventType "swiss"]
[EventRounds "9"]
[EventCountry "FRA"]
[Source "lmi"]
[SourceDate "2007.03.03"]

1. d4 Nf6 2. g3 e6 3. Bg2 d5 4. Nf3 Be7 5. O-O O-O 6. c4 dxc4 7. Qc2 a6 8. a4
Nc6 9. Qxc4 Qd5 10. Nbd2 Rd8 11. e3 Qh5 12. e4 Bd7 13. e5 Nd5 14. Nb3 b5 15.
axb5 axb5 16. Qe2 Rxa1 17. Nxa1 Na5 18. h3 Kh8 19. Rd1 Ra8 20. Nc2 Nc4 21. Qd3
Qg6 22. Nfe1 Qxd3 23. Nxd3 Bc6 24. Ne3 Ncb6 25. Nxd5 Bxd5 26. Bxd5 Nxd5 27. Be3
g5 28. Kf1 Ra2 29. Rc1 Kg7 30. Ke1 Kg6 31. g4 h5 32. Kf1 Ra8 33. Kg2 Ra4 34.
Kf3 Ra8 35. Rg1 hxg4+ 36. hxg4 Ra4 37. Rh1 Ra8 38. Ke2 Kg7 39. Rh5 Kg6 40. Rh1
Kg7 41. Kd2 Kg6 42. f3 Kg7 43. Bf2 Ra4 44. Kc2 Ra8 45. Kb1 Ra6 46. Nc1 Ra8 47.
Ne2 Rh8 48. Rxh8 Kxh8 49. Kc2 Kg7 50. Ng3 Kg6 51. Ne4 f5 52. Nc3 Nxc3 53. bxc3
fxg4 54. fxg4 Kf7 55. c4 bxc4 56. Kc3 Ke8 57. Kxc4 Kd7 58. Be1 c6 59. Bb4 Bxb4
60. Kxb4 Kc8 1/2-1/2

[Event "23. Open Cappelle la Grande 2007"]
[Site "Cappelle la Grande FRA"]
[Date "2007.03.06"]
[Round "5.16"]
[White "Drozdovskij, Yuri"]
[Black "Houhou, Olivier"]
[Result "1-0"]
[WhiteElo "2562"]
[BlackElo "2286"]
[PlyCount "57"]
[EventDate "2007.03.03"]
[EventType "swiss"]
[EventRounds "9"]
[EventCountry "FRA"]
[Source "lmi"]
[SourceDate "2007.03.03"]

1. d4 Nf6 2. c4 g6 3. Nc3 d5 4. e3 Bg7 5. Qb3 dxc4 6. Bxc4 O-O 7. Nf3 c5 8. d5
Nbd7 9. e4 Nb6 10. e5 Nfd7 11. Bf4 Nxc4 12. Qxc4 a6 13. O-O b5 14. Qe2 Nb6 15.
Rad1 b4 16. Ne4 Nxd5 17. Bg3 e6 18. Nxc5 Bd7 19. Rfe1 Bb5 20. Qd2 Qb6 21. Ne4
Rfc8 22. Bh4 Rc7 23. Nf6+ Nxf6 24. Bxf6 Rc4 25. b3 Rc3 26. Qf4 Bf8 27. Ng5 Be8
28. Nxh7 Bg7 29. Ng5 1-0

[Event "23. Open Cappelle la Grande 2007"]
[Site "Cappelle la Grande FRA"]
[Date "2007.03.06"]
[Round "5.17"]
[White "Akesson, Ralf"]
[Black "Goloshchapov, Alexander"]
[Result "1/2-1/2"]
[WhiteElo "2475"]
[BlackElo "2555"]
[PlyCount "103"]
[EventDate "2007.03.03"]
[EventType "swiss"]
[EventRounds "9"]
[EventCountry "FRA"]
[Source "lmi"]
[SourceDate "2007.03.03"]

1. d4 d5 2. c4 e6 3. Nf3 Nf6 4. g3 dxc4 5. Bg2 c6 6. a4 Nbd7 7. O-O b5 8. axb5
cxb5 9. Ne5 Nd5 10. Nc3 Nxe5 11. dxe5 Bc5 12. Nxb5 O-O 13. Nd6 Bxd6 14. exd6
Bb7 15. e4 Nb4 16. Be3 a5 17. Qd2 Ra6 18. d7 Nd3 19. b3 Qxd7 20. bxc4 Nc5 21.
Qc2 Rc8 22. Rfb1 a4 23. Bxc5 Rxc5 24. Rb4 a3 25. Qb3 Rc7 26. h4 h6 27. Rxa3
Rxa3 28. Qxa3 Kh7 29. c5 f5 30. Qe3 Qd1+ 31. Kh2 Qc2 32. exf5 Bxg2 33. Kxg2
exf5 34. Rb5 f4 35. gxf4 Rc6 36. h5 Qf5 37. Kg3 Qxh5 38. Rb6 Rxc5 39. Qe4+ Rf5
40. Re6 Qf7 41. Re5 Qg6+ 42. Kf3 Rf6 43. Qxg6+ Rxg6 44. f5 Rg1 45. Re7 Kg8 46.
Kf4 h5 47. f3 Rg2 48. Re8+ Kh7 49. Re1 Kh6 50. Re6+ Kh7 51. Re1 Kh6 52. Re6+
1/2-1/2

[Event "23. Open Cappelle la Grande 2007"]
[Site "Cappelle la Grande FRA"]
[Date "2007.03.06"]
[Round "5.18"]
[White "Bentivegna, Francesco"]
[Black "Arutinian, David"]
[Result "0-1"]
[WhiteElo "2287"]
[BlackElo "2552"]
[PlyCount "60"]
[EventDate "2007.03.03"]
[EventType "swiss"]
[EventRounds "9"]
[EventCountry "FRA"]
[Source "lmi"]
[SourceDate "2007.03.03"]

1. e4 c6 2. d4 d5 3. f3 Qb6 4. Nc3 dxe4 5. fxe4 e5 6. Bc4 exd4 7. Qh5 Qc7 8.
Nce2 Nf6 9. Qh4 Bb4+ 10. c3 dxc3 11. bxc3 Be7 12. Nf3 O-O 13. O-O Nbd7 14. Bf4
Qa5 15. Kh1 Qh5 16. Qe1 Nxe4 17. Ned4 Ndc5 18. Ne5 Bg4 19. h3 Be6 20. Qe3 Bxc4
21. g4 Qh4 22. Nf5 Qf6 23. Nxc4 Rfd8 24. Be5 Qe6 25. Bxg7 Bg5 26. Qf3 Rd3 27.
Nce3 Bxe3 28. Nxe3 Kxg7 29. Rae1 Kh8 30. Qf4 Qd6 0-1

[Event "23. Open Cappelle la Grande 2007"]
[Site "Cappelle la Grande FRA"]
[Date "2007.03.06"]
[Round "5.20"]
[White "Plachetka, Jan"]
[Black "Mamedov, Nidjat"]
[Result "1-0"]
[WhiteElo "2410"]
[BlackElo "2549"]
[PlyCount "151"]
[EventDate "2007.03.03"]
[EventType "swiss"]
[EventRounds "9"]
[EventCountry "FRA"]
[Source "lmi"]
[SourceDate "2007.03.03"]

1. e4 c5 2. Nf3 Nc6 3. d4 cxd4 4. Nxd4 Nf6 5. Nc3 d6 6. Bc4 Bd7 7. O-O g6 8. h3
Bg7 9. Re1 O-O 10. Bb3 Nxd4 11. Qxd4 Bc6 12. Qd3 a5 13. a4 Nd7 14. Ba2 Nc5 15.
Qg3 Rc8 16. Qh4 Bf6 17. Qg4 Bxc3 18. bxc3 Nxa4 19. Bh6 Bd7 20. Qh4 Nxc3 21. Bg5
Rc5 22. e5 Rxe5 23. Rxe5 dxe5 24. Bxe7 Qb6 25. Bxf8 Kxf8 26. Bc4 Be8 27. Ra3
Nb5 28. Re3 Kg7 29. Rxe5 Nd6 30. Bb3 h6 31. Qf4 g5 32. Qf3 Bc6 33. Qc3 Kg8 34.
Qxa5 Qd4 35. Qd8+ Kg7 36. Re1 Qf4 37. Qc7 h5 38. Re3 h4 39. Qe7 Qf6 40. Qxf6+
Kxf6 41. f3 Nf5 42. Rd3 Ng3 43. Kf2 Nh5 44. Rd4 Nf4 45. Ba4 Bd5 46. Bb3 Bc6 47.
c3 Ke7 48. Bc2 Ne6 49. Rd2 Kf6 50. Be4 Ke5 51. Ke3 f5 52. Bxc6 bxc6 53. Kd3 Kd5
54. Kc2+ Ke5 55. Kb3 Kf4 56. Re2 Nf8 57. Kb4 Nd7 58. Rd2 Ne5 59. Kc5 Ke3 60.
Rd8 Nxf3 61. gxf3 Kxf3 62. Rf8 Ke4 63. Kxc6 g4 64. hxg4 fxg4 65. Rh8 h3 66. c4
Kf4 67. c5 Kg3 68. Kd5 Kf4 69. Kc4 Ke3 70. Kb5 Kf3 71. Kc6 Ke3 72. Kd5 Kf3 73.
Kc6 Kg2 74. Kd6 g3 75. c6 Kh2 76. Kd5 1-0

[Event "23. Open Cappelle la Grande 2007"]
[Site "Cappelle la Grande FRA"]
[Date "2007.03.07"]
[Round "6.4"]
[White "Bocharov, Dmitry"]
[Black "Dzhumaev, Marat"]
[Result "1/2-1/2"]
[WhiteElo "2602"]
[BlackElo "2526"]
[PlyCount "63"]
[EventDate "2007.03.03"]
[EventType "swiss"]
[EventRounds "9"]
[EventCountry "FRA"]
[Source "lmi"]
[SourceDate "2007.03.03"]

1. d4 f5 2. g3 Nf6 3. Bg2 g6 4. Nf3 Bg7 5. c4 O-O 6. O-O c6 7. Nc3 Na6 8. Rb1
Nc7 9. b4 Ne4 10. Qc2 Qe8 11. Nxe4 fxe4 12. Ng5 d5 13. cxd5 Nxd5 14. Nxe4 Bf5
15. b5 cxb5 16. Qb3 Rd8 17. Ng5 Bxb1 18. Bxd5+ Rxd5 19. Qxd5+ Kh8 20. Ne6 Qf7
21. g4 h5 22. Bf4 Bc2 23. Be5 Bf6 24. g5 Re8 25. gxf6 exf6 26. Nc7 Qxd5 27.
Bxf6+ Kg8 28. Nxd5 Rxe2 29. Rc1 Bf5 30. f3 Rxa2 31. Rc7 a5 32. Be5 1/2-1/2

[Event "23. Open Cappelle la Grande 2007"]
[Site "Cappelle la Grande FRA"]
[Date "2007.03.07"]
[Round "6.5"]
[White "Maletin, Pavel"]
[Black "Golod, Vitali"]
[Result "1/2-1/2"]
[WhiteElo "2527"]
[BlackElo "2597"]
[PlyCount "35"]
[EventDate "2007.03.03"]
[EventType "swiss"]
[EventRounds "9"]
[EventCountry "FRA"]
[Source "lmi"]
[SourceDate "2007.03.03"]

1. Nf3 Nf6 2. c4 c6 3. g3 d5 4. Bg2 g6 5. d4 Bg7 6. Qb3 O-O 7. Nc3 Qb6 8. O-O
Rd8 9. Bf4 Bf5 10. Ne5 dxc4 11. Nxc4 Qa6 12. Ne5 Be6 13. Qb4 Nbd7 14. Rfd1 Qb6
15. Qa3 a5 16. Nxd7 Nxd7 17. Ne4 Qb4 18. Qc3 1/2-1/2

[Event "23. Open Cappelle la Grande 2007"]
[Site "Cappelle la Grande FRA"]
[Date "2007.03.07"]
[Round "6.6"]
[White "Ionov, Sergey"]
[Black "Landa, Konstantin"]
[Result "1/2-1/2"]
[WhiteElo "2522"]
[BlackElo "2596"]
[PlyCount "22"]
[EventDate "2007.03.03"]
[EventType "swiss"]
[EventRounds "9"]
[EventCountry "FRA"]
[Source "lmi"]
[SourceDate "2007.03.03"]

1. d4 Nf6 2. Nf3 d5 3. c4 e6 4. Bg5 dxc4 5. Nc3 Bb4 6. e4 c5 7. e5 cxd4 8. Nxd4
Bxc3+ 9. bxc3 Qa5 10. exf6 Qxg5 11. fxg7 Qxg7 1/2-1/2

[Event "23. Open Cappelle la Grande 2007"]
[Site "Cappelle la Grande FRA"]
[Date "2007.03.07"]
[Round "6.7"]
[White "Grigoriants, Sergey"]
[Black "Lalic, Bogdan"]
[Result "1/2-1/2"]
[WhiteElo "2592"]
[BlackElo "2522"]
[PlyCount "62"]
[EventDate "2007.03.03"]
[EventType "swiss"]
[EventRounds "9"]
[EventCountry "FRA"]
[Source "lmi"]
[SourceDate "2007.03.03"]

1. e4 e5 2. Nf3 Nc6 3. Bb5 a6 4. Ba4 Nf6 5. O-O Be7 6. Re1 b5 7. Bb3 O-O 8. c3
d5 9. exd5 Nxd5 10. Nxe5 Nxe5 11. Rxe5 c6 12. d4 Bd6 13. Re1 Qh4 14. g3 Qh3 15.
Re4 g5 16. Qf1 Qxf1+ 17. Kxf1 Bf5 18. Nd2 Rad8 19. f3 Bxe4 20. fxe4 Nc7 21. Nf3
h6 22. Be3 Kg7 23. Bc2 Rfe8 24. Kf2 a5 25. a4 b4 26. Nd2 f5 27. exf5 Nd5 28.
Ne4 Nf6 29. Nxf6 Kxf6 30. Rh1 c5 31. dxc5 Bxc5 1/2-1/2

[Event "23. Open Cappelle la Grande 2007"]
[Site "Cappelle la Grande FRA"]
[Date "2007.03.07"]
[Round "6.9"]
[White "Arutinian, David"]
[Black "Danielian, Oganes"]
[Result "1-0"]
[WhiteElo "2552"]
[BlackElo "2515"]
[PlyCount "69"]
[EventDate "2007.03.03"]
[EventType "swiss"]
[EventRounds "9"]
[EventCountry "FRA"]
[Source "lmi"]
[SourceDate "2007.03.03"]

1. d4 e6 2. c4 d5 3. Nf3 Nf6 4. Nc3 Be7 5. Bg5 h6 6. Bh4 O-O 7. e3 Ne4 8. Bxe7
Qxe7 9. Rc1 Nf6 10. a3 a6 11. cxd5 exd5 12. Qb3 c6 13. Bd3 Nbd7 14. O-O Kh8 15.
Qc2 Re8 16. Na4 Ne4 17. b4 g5 18. Nc5 Nexc5 19. bxc5 g4 20. Nd2 Qg5 21. e4 Nf8
22. f4 Qh5 23. f5 dxe4 24. Nxe4 Nh7 25. Nd6 g3 26. hxg3 Nf6 27. Rf4 Re7 28. Qd2
Kg7 29. Ne4 Nxe4 30. Bxe4 f6 31. Bf3 Qe8 32. Rh4 Qh8 33. Rg4+ Kh7 34. Qxh6+
Kxh6 35. Kf2 1-0

[Event "23. Open Cappelle la Grande 2007"]
[Site "Cappelle la Grande FRA"]
[Date "2007.03.07"]
[Round "6.10"]
[White "Erdos, Viktor"]
[Black "Gareev, Timur"]
[Result "1/2-1/2"]
[WhiteElo "2518"]
[BlackElo "2551"]
[PlyCount "104"]
[EventDate "2007.03.03"]
[EventType "swiss"]
[EventRounds "9"]
[EventCountry "FRA"]
[Source "lmi"]
[SourceDate "2007.03.03"]

1. d4 Nf6 2. c4 c5 3. d5 g6 4. Nc3 Bg7 5. e4 d6 6. Bd3 O-O 7. Nf3 e6 8. O-O Na6
9. Re1 Nc7 10. h3 e5 11. Bg5 h6 12. Bh4 Qe8 13. Rb1 Nh5 14. b4 cxb4 15. Rxb4
Na6 16. Rb1 Nc5 17. Nb5 Qd7 18. Bf1 b6 19. Nd2 Bf6 20. Bxf6 Nxf6 21. Qf3 Qe7
22. Nb3 Nfxe4 23. Rxe4 Nxe4 24. Qxe4 Bf5 25. Qe1 Bxb1 26. Qxb1 f5 27. Qc1 Kh7
28. Be2 Rad8 29. Qe3 Rd7 30. Nd2 Qf6 31. a4 Re8 32. Qc3 Qd8 33. g3 h5 34. Nf3
a6 35. Na3 e4 36. Nd4 Qf6 37. Qe3 h4 38. Nac2 hxg3 39. fxg3 Rg7 40. Qf4 Re5 41.
h4 g5 42. hxg5 Qxg5 43. Qxg5 Rxg5 44. Kf2 Kg6 45. Nb4 Kf6 46. Nxa6 e3+ 47. Kg2
f4 48. g4 Re4 49. Ne6 f3+ 50. Kxf3 Rgxg4 51. Nb4 Rxc4 52. Bxc4 Ke5 1/2-1/2

[Event "23. Open Cappelle la Grande 2007"]
[Site "Cappelle la Grande FRA"]
[Date "2007.03.07"]
[Round "6.11"]
[White "Bobras, Piotr"]
[Black "Moroz, Alexander"]
[Result "1/2-1/2"]
[WhiteElo "2542"]
[BlackElo "2507"]
[PlyCount "23"]
[EventDate "2007.03.03"]
[EventType "swiss"]
[EventRounds "9"]
[EventCountry "FRA"]
[Source "lmi"]
[SourceDate "2007.03.03"]

1. e4 c5 2. Nf3 e6 3. d4 cxd4 4. Nxd4 a6 5. Bd3 Qb6 6. c3 Qc7 7. O-O Nf6 8. Qe2
d6 9. Nd2 Nbd7 10. f4 g6 11. N2f3 e5 12. Nc2 1/2-1/2

[Event "23. Open Cappelle la Grande 2007"]
[Site "Cappelle la Grande FRA"]
[Date "2007.03.07"]
[Round "6.12"]
[White "Andriasian, Zaven"]
[Black "Oleksienko, Mikhailo"]
[Result "0-1"]
[WhiteElo "2508"]
[BlackElo "2541"]
[PlyCount "104"]
[EventDate "2007.03.03"]
[EventType "swiss"]
[EventRounds "9"]
[EventCountry "FRA"]
[Source "lmi"]
[SourceDate "2007.03.03"]

1. e4 c5 2. Nf3 e6 3. d4 cxd4 4. Nxd4 a6 5. Bd3 Ne7 6. O-O Nbc6 7. Nb3 Ng6 8.
f4 Be7 9. Nc3 b5 10. Qh5 d6 11. Be3 Bf6 12. Rad1 Qc7 13. e5 dxe5 14. f5 Nf4 15.
Bxf4 exf4 16. fxe6 Bxe6 17. Ne4 Bxb2 18. Kh1 Qe5 19. Qh4 h6 20. Rde1 O-O 21.
Rxf4 Qc7 22. Nbc5 Bc4 23. c3 Ne5 24. Bxc4 bxc4 25. Qh5 Ba3 26. Nf6+ gxf6 27.
Qxh6 Ng6 28. Ne6 fxe6 29. Qxg6+ Qg7 30. Qh5 f5 31. Rf3 f4 32. Rxe6 Rad8 33. h3
Rf6 34. Rxf6 Qxf6 35. Qg4+ Kh8 36. Qh5+ Kg7 37. Qg4+ Qg6 38. Rxf4 Qxg4 39.
Rxg4+ Kf6 40. h4 Rd1+ 41. Kh2 Bd6+ 42. g3 Rd2+ 43. Kh3 Rd3 44. h5 Rxc3 45. Rg6+
Ke7 46. h6 Be5 47. h7 Rf3 48. Kg2 Rf8 49. Rxa6 c3 50. Rh6 Rc8 51. Rh1 c2 52.
Rc1 Bb2 0-1

[Event "23. Open Cappelle la Grande 2007"]
[Site "Cappelle la Grande FRA"]
[Date "2007.03.07"]
[Round "6.13"]
[White "Plachetka, Jan"]
[Black "Gajewski, Grzegorz"]
[Result "1/2-1/2"]
[WhiteElo "2410"]
[BlackElo "2540"]
[PlyCount "39"]
[EventDate "2007.03.03"]
[EventType "swiss"]
[EventRounds "9"]
[EventCountry "FRA"]
[Source "lmi"]
[SourceDate "2007.03.03"]

1. d4 Nf6 2. c4 e6 3. Nf3 d5 4. Nc3 Bb4 5. cxd5 exd5 6. Bg5 Nbd7 7. e3 c5 8.
Bd3 c4 9. Bf5 Nb6 10. Qc2 Bxf5 11. Qxf5 Qd7 12. Qe5+ Qe6 13. Bxf6 gxf6 14. Qc7
Rg8 15. Ke2 Rxg2 16. Rag1 Rg6 17. Nh4 Rg5 18. Nf3 Rg6 19. Nh4 Rg5 20. Nf3
1/2-1/2

[Event "23. Open Cappelle la Grande 2007"]
[Site "Cappelle la Grande FRA"]
[Date "2007.03.07"]
[Round "6.14"]
[White "Petrosian, Suren"]
[Black "Dvoirys, Semen I"]
[Result "1/2-1/2"]
[WhiteElo "2391"]
[BlackElo "2534"]
[PlyCount "61"]
[EventDate "2007.03.03"]
[EventType "swiss"]
[EventRounds "9"]
[EventCountry "FRA"]
[Source "lmi"]
[SourceDate "2007.03.03"]

1. e4 c5 2. Nf3 d6 3. d4 cxd4 4. Nxd4 Nf6 5. Nc3 a6 6. Be3 e5 7. Nb3 Be7 8. Bc4
Be6 9. Qd3 Nbd7 10. Nd5 Rc8 11. c3 Nxd5 12. Bxd5 Qc7 13. c4 Nf6 14. Rc1 O-O 15.
O-O Bd7 16. Rfd1 Nxd5 17. Qxd5 Be6 18. Qa5 Qc6 19. Nd2 b5 20. b3 bxc4 21. bxc4
Rb8 22. Qa3 Rb7 23. f3 Rfb8 24. c5 dxc5 25. Bxc5 Bxc5+ 26. Qxc5 Qxc5+ 27. Rxc5
Rb2 28. Nf1 f6 29. Rc6 R2b6 30. Rdd6 Rxc6 31. Rxc6 1/2-1/2

[Event "23. Open Cappelle la Grande 2007"]
[Site "Cappelle la Grande FRA"]
[Date "2007.03.07"]
[Round "6.18"]
[White "Gagunashvili, Merab"]
[Black "Czakon, Jakub"]
[Result "1/2-1/2"]
[WhiteElo "2611"]
[BlackElo "2485"]
[PlyCount "48"]
[EventDate "2007.03.03"]
[EventType "swiss"]
[EventRounds "9"]
[EventCountry "FRA"]
[Source "lmi"]
[SourceDate "2007.03.03"]

1. d4 Nf6 2. c4 e6 3. Nc3 Bb4 4. Qc2 c5 5. dxc5 O-O 6. Bg5 Na6 7. Bd2 Nxc5 8.
a3 Bxc3 9. Bxc3 a5 10. Rd1 d6 11. Nf3 Nce4 12. Bxf6 Nxf6 13. e3 Qb6 14. Be2 e5
15. O-O Bg4 16. h3 Bh5 17. Nh4 Bxe2 18. Qxe2 g6 19. Nf3 Rac8 20. Rc1 Rc6 21.
Rc2 Rfc8 22. Rfc1 Qc7 23. Nd2 a4 24. Rc3 Qa5 1/2-1/2

[Event "23. Open Cappelle la Grande 2007"]
[Site "Cappelle la Grande FRA"]
[Date "2007.03.07"]
[Round "6.19"]
[White "Brodsky, Michail"]
[Black "Hasangatin, Ramil"]
[Result "1-0"]
[WhiteElo "2597"]
[BlackElo "2481"]
[PlyCount "81"]
[EventDate "2007.03.03"]
[EventType "swiss"]
[EventRounds "9"]
[EventCountry "FRA"]
[Source "lmi"]
[SourceDate "2007.03.03"]

1. d4 d5 2. c4 c6 3. Nc3 Nf6 4. Nf3 dxc4 5. a4 Bg4 6. e4 e6 7. Bxc4 Bxf3 8.
gxf3 Be7 9. Be3 O-O 10. O-O Nbd7 11. f4 c5 12. Be2 cxd4 13. Bxd4 Nb8 14. e5
Nfd7 15. Bf3 Nc6 16. Be3 Nc5 17. Nb5 Rc8 18. Rc1 a6 19. Nd6 Bxd6 20. exd6 Nd7
21. Qb3 Rb8 22. Rfd1 e5 23. fxe5 Ndxe5 24. Bg2 Nd7 25. Rd5 Qf6 26. h3 Rfe8 27.
Rc4 Re5 28. Rf4 Qe6 29. Rd3 Qg6 30. Rg4 Qf6 31. Qc3 Re6 32. Qxf6 Nxf6 33. Bxc6
bxc6 34. Rc4 Nd7 35. f4 Rc8 36. Rb4 c5 37. Rb7 c4 38. Rc7 Rd8 39. Rxc4 g5 40.
b4 gxf4 41. Bxf4 1-0

[Event "23. Open Cappelle la Grande 2007"]
[Site "Cappelle la Grande FRA"]
[Date "2007.03.07"]
[Round "6.20"]
[White "Kritz, Leonid"]
[Black "Firman, Nazar"]
[Result "1-0"]
[WhiteElo "2597"]
[BlackElo "2481"]
[PlyCount "43"]
[EventDate "2007.03.03"]
[EventType "swiss"]
[EventRounds "9"]
[EventCountry "FRA"]
[Source "lmi"]
[SourceDate "2007.03.03"]

1. e4 d6 2. Nc3 g6 3. d4 Nf6 4. h3 c6 5. Be3 Nbd7 6. a4 Qa5 7. Qd2 Bg7 8. Nf3
O-O 9. Bd3 c5 10. O-O cxd4 11. Bxd4 Nc5 12. b4 Qxb4 13. a5 Nxd3 14. cxd3 Qb3
15. Ng5 Bh6 16. f4 e5 17. Rfb1 Qxb1+ 18. Rxb1 exd4 19. Nb5 Ne8 20. Qb4 f6 21.
Qc4+ Kg7 22. Nc7 1-0

[Event "23. Open Cappelle la Grande 2007"]
[Site "Cappelle la Grande FRA"]
[Date "2007.03.08"]
[Round "7.3"]
[White "Postny, Evgeny"]
[Black "Arutinian, David"]
[Result "1/2-1/2"]
[WhiteElo "2616"]
[BlackElo "2552"]
[PlyCount "41"]
[EventDate "2007.03.03"]
[EventType "swiss"]
[EventRounds "9"]
[EventCountry "FRA"]
[Source "lmi"]
[SourceDate "2007.03.03"]

1. d4 Nf6 2. c4 e6 3. g3 Bb4+ 4. Bd2 Be7 5. Bg2 d5 6. Nf3 O-O 7. O-O c6 8. Bf4
b6 9. Nc3 Bb7 10. Rc1 Nbd7 11. Nd2 Nh5 12. cxd5 exd5 13. e3 Nxf4 14. gxf4 Nf6
15. Nf3 c5 16. Ne5 c4 17. b3 Ba3 18. Rb1 Bb4 19. Qc2 cxb3 20. Rxb3 Ba5 21. Rc1
1/2-1/2

[Event "23. Open Cappelle la Grande 2007"]
[Site "Cappelle la Grande FRA"]
[Date "2007.03.08"]
[Round "7.6"]
[White "Lalic, Bogdan"]
[Black "Brodsky, Michail"]
[Result "1/2-1/2"]
[WhiteElo "2522"]
[BlackElo "2597"]
[PlyCount "26"]
[EventDate "2007.03.03"]
[EventType "swiss"]
[EventRounds "9"]
[EventCountry "FRA"]
[Source "lmi"]
[SourceDate "2007.03.03"]

1. d4 Nf6 2. c4 e6 3. Nf3 b6 4. g3 Ba6 5. Qa4 Bb7 6. Bg2 c5 7. dxc5 Bxc5 8. Nc3
O-O 9. O-O Be7 10. Rd1 Na6 11. Bf4 Nc5 12. Qc2 Qc8 13. Rd4 d5 1/2-1/2

[Event "23. Open Cappelle la Grande 2007"]
[Site "Cappelle la Grande FRA"]
[Date "2007.03.08"]
[Round "7.8"]
[White "Naumkin, Igor"]
[Black "Kritz, Leonid"]
[Result "1/2-1/2"]
[WhiteElo "2510"]
[BlackElo "2597"]
[PlyCount "60"]
[EventDate "2007.03.03"]
[EventType "swiss"]
[EventRounds "9"]
[EventCountry "FRA"]
[Source "lmi"]
[SourceDate "2007.03.03"]

1. d4 Nf6 2. c4 c6 3. Nc3 d5 4. Nf3 a6 5. c5 Bf5 6. Qb3 Ra7 7. Bf4 Nbd7 8. h3
e6 9. e3 Be7 10. Be2 Ne4 11. O-O O-O 12. Nxe4 Bxe4 13. Nd2 Bg6 14. Qc3 Re8 15.
b4 Bf6 16. Bh2 e5 17. Rfe1 Re7 18. Nb3 Ra8 19. Bg4 h5 20. Bxd7 exd4 21. exd4
Qxd7 22. Rxe7 Bxe7 23. Re1 Re8 24. Qe3 f6 25. Qd2 Bd8 26. Rxe8+ Qxe8 27. h4 Qe4
28. Bg3 Kh7 29. Kh2 Qb1 30. Na5 Bxa5 1/2-1/2

[Event "23. Open Cappelle la Grande 2007"]
[Site "Cappelle la Grande FRA"]
[Date "2007.03.08"]
[Round "7.9"]
[White "Landa, Konstantin"]
[Black "Erdos, Viktor"]
[Result "1/2-1/2"]
[WhiteElo "2596"]
[BlackElo "2518"]
[PlyCount "90"]
[EventDate "2007.03.03"]
[EventType "swiss"]
[EventRounds "9"]
[EventCountry "FRA"]
[Source "lmi"]
[SourceDate "2007.03.03"]

1. e4 e6 2. d4 d5 3. Nc3 dxe4 4. Nxe4 Nd7 5. Bd3 Ngf6 6. Qe2 c5 7. Nxf6+ Nxf6
8. dxc5 Bxc5 9. Nf3 O-O 10. Bg5 Qa5+ 11. c3 Be7 12. O-O Rd8 13. Rfd1 Bd7 14.
Be4 Qc7 15. Ne5 Ba4 16. Rxd8+ Rxd8 17. Bf3 Nd5 18. Bxe7 Nxe7 19. Re1 Be8 20. g3
b6 21. Qc4 Qxc4 22. Nxc4 Bc6 23. Rd1 Rxd1+ 24. Bxd1 Bd5 25. Bb3 g5 26. Nd6 Bf3
27. Kf1 Kf8 28. Ke1 Nc6 29. Kd2 Ke7 30. Nb5 a6 31. Nd4 Nxd4 32. cxd4 Bd5 33.
Bxd5 exd5 34. g4 f5 35. f3 fxg4 36. fxg4 h6 37. Kc3 Kd6 38. Kb3 Kc6 39. Kb4 Kd6
40. a4 Kc6 41. a5 b5 42. Kc3 Kd6 43. Kb4 Kc6 44. Kc3 Kd6 45. Kb4 Kc6 1/2-1/2

[Event "23. Open Cappelle la Grande 2007"]
[Site "Cappelle la Grande FRA"]
[Date "2007.03.08"]
[Round "7.11"]
[White "Kryvoruchko, Yuriy"]
[Black "Ninov, Nikolai"]
[Result "1/2-1/2"]
[WhiteElo "2592"]
[BlackElo "2506"]
[PlyCount "58"]
[EventDate "2007.03.03"]
[EventType "swiss"]
[EventRounds "9"]
[EventCountry "FRA"]
[Source "lmi"]
[SourceDate "2007.03.03"]

1. e4 c5 2. Nf3 d6 3. d4 Nf6 4. Nc3 cxd4 5. Nxd4 a6 6. Be3 e6 7. f3 b5 8. Qd2
Nbd7 9. g4 h6 10. h4 b4 11. Na4 d5 12. Bh3 dxe4 13. g5 hxg5 14. hxg5 Nd5 15.
fxe4 Nxe3 16. Qxe3 Ne5 17. O-O-O Qa5 18. b3 g6 19. Kb1 Bg7 20. Ne2 Bd7 21. Nc5
Qb6 22. Nf4 Rc8 23. Rd5 exd5 24. Bxd7+ Nxd7 25. exd5+ Kd8 26. Nfe6+ fxe6 27.
Nxe6+ Ke7 28. d6+ Qxd6 29. Re1 Qe5 1/2-1/2

[Event "23. Open Cappelle la Grande 2007"]
[Site "Cappelle la Grande FRA"]
[Date "2007.03.08"]
[Round "7.12"]
[White "Gareev, Timur"]
[Black "Kharitonov, Aleksandr"]
[Result "1/2-1/2"]
[WhiteElo "2551"]
[BlackElo "2056"]
[PlyCount "89"]
[EventDate "2007.03.03"]
[EventType "swiss"]
[EventRounds "9"]
[EventCountry "FRA"]
[Source "lmi"]
[SourceDate "2007.03.03"]

1. d4 d5 2. c4 c6 3. Nf3 Nf6 4. Nc3 e6 5. Bg5 h6 6. Bh4 Be7 7. e3 O-O 8. Qc2
Nbd7 9. Rd1 b6 10. Be2 Bb7 11. O-O Rc8 12. Rd2 Nh5 13. Bxe7 Qxe7 14. cxd5 exd5
15. Qf5 Nhf6 16. Ne5 Qe6 17. Qxe6 fxe6 18. f4 Rcd8 19. Ng6 Rfe8 20. g4 Nf8 21.
Ne5 N6d7 22. Nf3 a6 23. g5 hxg5 24. Nxg5 c5 25. a4 Nf6 26. Bf3 Bc6 27. Bg2 c4
28. b4 Re7 29. b5 Be8 30. bxa6 Ra7 31. Rb1 Rxa6 32. Rdb2 Rd6 33. Rb4 Bg6 34.
R1b2 Bd3 35. Bh3 Bf5 36. Bf1 N8d7 37. Kf2 Ng4+ 38. Kf3 Ngf6 39. Rd2 Bg4+ 40.
Kg3 Bf5 41. Be2 Ra5 42. Bf3 Bd3 43. Rb5 Ra6 44. Ra2 Kf8 45. Kf2 1/2-1/2